| Tag |
First Indicator |
Second Indicator |
Subfields |
| LEADER |
00000cam a2200000 4500 |
| 001 |
in00000042567 |
| 005 |
20151007074745.0 |
| 008 |
800612s1944 inua 00010 eng d |
| 035 |
|
|
|a (OCoLC)06413459
|
| 035 |
|
|
|9 AAF2043AM
|
| 040 |
|
|
|a TXA
|c TXA
|d UtOrBLW
|
| 049 |
|
|
|a TXAM
|c [151535]
|
| 090 |
|
|
|a TJ1218
|b .S6 1944
|
| 092 |
|
|
|a 621.94
|b S726h, 1944
|
| 110 |
2 |
|
|a South Bend Lathe Works, South Bend, Ind.
|
| 245 |
1 |
0 |
|a How to run a lathe ;
|b the care and operation of a screw cutting lathe /
|c by J. J. O'Brien [and] M. W. O'Brien.
|
| 250 |
|
|
|a 43d ed. ...
|
| 264 |
|
1 |
|a South Bend, Ind. :
|b South Bend lathe works,
|c [1944]
|
| 264 |
|
4 |
|c ©1944
|
| 300 |
|
|
|a 128 pages :
|b illustrations, diagrams ;
|c 21 cm.
|
| 336 |
|
|
|a text
|b txt
|2 rdacontent
|
| 337 |
|
|
|a unmediated
|b n
|2 rdamedia
|
| 338 |
|
|
|a volume
|b nc
|2 rdacarrier
|
| 500 |
|
|
|a On title-page: volume 1.
|
| 650 |
|
0 |
|a Lathes.
|
| 700 |
1 |
|
|a O'Brien, John Joseph,
|d 1868-
|
| 700 |
1 |
|
|a O'Brien, M. W.
|q (Miles William),
|d 1868-1936.
|
| 999 |
|
|
|a MARS
|
| 999 |
f |
f |
|s a36b458e-c6f6-3cb2-a68e-9fbd8597ff90
|i e5dbcf76-1d19-30d1-b339-d0c683f16928
|t 0
|
| 952 |
f |
f |
|p ric
|a Texas A&M University
|b Rellis Campus
|c Joint Library Facility
|d Remote Storage
|t 0
|e TJ1218 .S6 1944
|h Library of Congress classification
|i unmediated -- volume
|m A14801043715
|
| 998 |
f |
f |
|a TJ1218 .S6 1944
|t 0
|l Remote Storage
|